| 000 | 00720nam a22002657a 4500 | ||
|---|---|---|---|
| 999 |
_c4428 _d4428 |
||
| 001 | 1122649 | ||
| 003 | GZU | ||
| 005 | 20210316093352.0 | ||
| 008 | 940317s1993 rh a 000 0 eng | ||
| 010 | _a 93982875 | ||
| 020 | _a0908311621 | ||
| 040 |
_aDLC _cDLC |
||
| 042 | _alcode | ||
| 050 | 0 | 0 | _aPR9390.9 VER 1993 |
| 100 | 1 |
_aVera, Yvonne. _eauthor |
|
| 245 | 1 | 0 |
_aNehanda / _cYvonne Vera. |
| 260 |
_aHarare : _bBaobab Books, _c1993. |
||
| 300 |
_a118 p. : _bill. ; _c21 cm. |
||
| 500 | _aNovel | ||
| 650 | _2Zimbabwean fiction (English) | ||
| 651 | _2Zimbabwe | ||
| 906 |
_a7 _bcbc _corigode _du _encip _f19 _gy-gencatlg |
||
| 942 |
_2lcc _cBK _h9390.9 _iVER _kPR |
||